[Event "46th It"]
[Site "Reggio Emilia ITA"]
[Date "2003.12.29"]
[Round "3"]
[White "Miladinovic,I"]
[Black "Zimina,O"]
[Result "1/2-1/2"]
[WhiteElo "2599"]
[BlackElo "2387"]
[EventDate "2003.12.27"]

1. d4 c6 2. Nf3 d5 3. Bg5 Nf6 4. e3 Bf5 5. Bxf6 gxf6 6. Nh4 Bg6 7. Nd2 Nd7
8. Bd3 e6 9. g3 Be7 10. Qe2 Qb6 11. O-O a6 12. c4 Bxd3 13. Qxd3 f5 14. Nhf3
O-O 15. Rfc1 Rfc8 16. Rc2 Qd8 17. Rac1 Nf6 18. Qb3 Rab8 19. Ne5 Ne4 20. Nd3
Bd6 21. Nf3 Kg7 22. Kg2 Rc7 23. cxd5 cxd5 24. Rxc7 Bxc7 25. Ng1 Bd6 26. Ne2
Qe7 27. Qc2 Qd8 28. Nef4 Qa5 29. b4 Qd8 30. Ne5 Qe7 31. a3 Rd8 32. Nfd3 Kg8
33. Nf3 Rd7 34. Nc5 Rc7 35. Qb2 Qe8 36. Nb3 Qc8 37. Rxc7 Qxc7 38. Nc5 Qc6
39. Qe2 a5 40. Nxe4 dxe4 41. Ng5 h6 42. Qh5 hxg5 43. Qxg5+ Kh7 44. Qh5+
1/2-1/2